LEADER 03788nas 2201117-a 450 001 996336245703316 005 20240614173747.0 011 $a1687-6008 035 $a(DE-599)ZDB2400140-5 035 $a(OCoLC)234318003 035 $a(CKB)1000000000295033 035 $a(CONSER)--2008205538 035 $a(EXLCZ)991000000000295033 100 $a20080721a20089999 --- - 101 0 $aeng 135 $aur||||||||||| 181 $ctxt$2rdacontent 182 $cc$2rdamedia 183 $acr$2rdacarrier 200 00$aInternational journal of navigation and observation 210 $aCairo, Egypt $cHindawi Pub. Corp.$d[2008]- 300 $aRefereed/Peer-reviewed 311 $a1687-5990 531 $aINTERNATIONAL JOURNAL OF NAVIGATION & OBSERVATION 531 $aINTERNATIONAL JOURNAL OF NAVIGATION AND OBSERVATION 531 0 $aInt. j. navig. obs. 606 $aNavigation$vPeriodicals 606 $aRemote sensing$vPeriodicals 606 $aGeographic information systems$vPeriodicals 606 $aGlobal Positioning System$vPeriodicals 606 $aEarth sciences$vPeriodicals 606 $aEnvironmental monitoring$vPeriodicals 606 $aNavigation 606 $aRemote sensing 606 $aGeographic information systems 606 $aGlobal Positioning System 606 $aEarth sciences 606 $aEnvironmental monitoring 606 $aRemote Sensing Technology 606 $aGeographic Information Systems 606 $aEnvironmental Monitoring 606 $aTélédétection 606 $aSystèmes d'information géographique 606 $aGPS 606 $aSciences de la terre 606 $aEnvironnement$xSurveillance 606 $aNavigation$vPériodiques 606 $aTélédétection$vPériodiques 606 $aSystèmes d'information géographique$vPériodiques 606 $aGPS$vPériodiques 606 $aSciences de la terre$vPériodiques 606 $aEnvironnement$xSurveillance$vPériodiques 606 $aEarth sciences$2fast$3(OCoLC)fst00900729 606 $aEnvironmental monitoring$2fast$3(OCoLC)fst00913214 606 $aGeographic information systems$2fast$3(OCoLC)fst00940423 606 $aGlobal Positioning System$2fast$3(OCoLC)fst00943460 606 $aNavigation$2fast$3(OCoLC)fst01035085 606 $aRemote sensing$2fast$3(OCoLC)fst01094469 608 $aPeriodicals.$2fast 610 $aGeography-General 615 0$aNavigation 615 0$aRemote sensing 615 0$aGeographic information systems 615 0$aGlobal Positioning System 615 0$aEarth sciences 615 0$aEnvironmental monitoring 615 0$aNavigation. 615 0$aRemote sensing. 615 0$aGeographic information systems. 615 0$aGlobal Positioning System. 615 0$aEarth sciences. 615 0$aEnvironmental monitoring. 615 2$aRemote Sensing Technology 615 2$aGeographic Information Systems 615 2$aEnvironmental Monitoring 615 6$aTélédétection. 615 6$aSystèmes d'information géographique. 615 6$aGPS. 615 6$aSciences de la terre. 615 6$aEnvironnement$xSurveillance. 615 6$aNavigation 615 6$aTélédétection 615 6$aSystèmes d'information géographique 615 6$aGPS 615 6$aSciences de la terre 615 6$aEnvironnement$xSurveillance 615 7$aEarth sciences. 615 7$aEnvironmental monitoring. 615 7$aGeographic information systems. 615 7$aGlobal Positioning System. 615 7$aNavigation. 615 7$aRemote sensing. 906 $aJOURNAL 912 $a996336245703316 996 $aInternational journal of navigation and observation$92012178 997 $aUNISA